000 00483nam a2200193Ia 4500
003 OSt
005 20250130120338.0
008 231217s9999 xx 000 0 und d
020 _a9788131718568
040 _c0
041 _aEnglish
082 _a001.6423 LEV;124
100 _aLevitin, Anany.
245 0 _aIntroduction to the design and analysis of algorithms
250 _a2nd ed.
260 _c2007
_bPearson Education
_aSouth Asia
300 _a588
942 _cAA
_2ddc
999 _c197360
_d197360